The King of Limbs - Radiohead - Statistics

General Stats
  • This quiz has been taken 23 times
  • The average score is 7 of 8
Answer Stats
Answer % Correct
Separator
100%
Bloom
93%
Codex
86%
Lotus Flower
86%
Morning Mr Magpie
86%
Feral
79%
Give Up the Ghost
79%
Little by Little
71%
No matching quizzes found
Score Distribution
Percent of People with Each Score
Percentile by Number Answered
Your Score History
You have not taken this quiz